00299nam a22001097a 4500082001500000100002200015245004400037260004500081300001800126526003700144650000800181 a573.3bKEI aKeith, Sir Arthur aThe Antiquity of Manc Sir Arthur,Keith aLondonbWilliams and Norgate, LTD.c1925 axxxii, 376p.: a0b0c0d573_300000000000000_KEI aMCE